India from Curzon to Nehru and After (Record no. 37148)

MARC details
000 -LEADER
fixed length control field 00441nam a2200145Ia 4500
008 - FIXED-LENGTH DATA ELEMENTS--GENERAL INFORMATION
fixed length control field 211109s9999||||xx |||||||||||||| ||und||
082 ## - DEWEY DECIMAL CLASSIFICATION NUMBER
Classification number 954.042
Item number DUR-I
100 ## - MAIN ENTRY--PERSONAL NAME
Personal name Durga, Das
245 #0 - TITLE STATEMENT
Title India from Curzon to Nehru and After
260 ## - PUBLICATION, DISTRIBUTION, ETC.
Name of publisher, distributor, etc. Unknown Publisher
Place of publication, distribution, etc. No Place
Date of publication, distribution, etc. 1969
300 ## - PHYSICAL DESCRIPTION
Extent 487p.
630 ## - SUBJECT ADDED ENTRY--UNIFORM TITLE
General subdivision General Stack
650 ## - SUBJECT ADDED ENTRY--TOPICAL TERM
Topical term or geographic name entry element HISTORY
942 ## - ADDED ENTRY ELEMENTS (KOHA)
Koha item type BOOK
650 ## - SUBJECT ADDED ENTRY--TOPICAL TERM
Form subdivision HISTORY OF INDIAJAWAHARLAL NEHRUINDIAN POLITICS AND GOVERNMENT
General subdivision Generalia
Holdings
Withdrawn status Lost status Damaged status Not for loan Home library Current library Date acquired Cost, normal purchase price Total Checkouts Full call number Barcode Shelving location Date last seen Price effective from Koha item type
        SB LIBRARY SB LIBRARY 09/11/2021 50.00   954.042 DUR-I 00038551 GENERAL STACK 09/11/2021 09/11/2021 BOOK

Powered by Koha